Republic of Belarus : Technical Assistance Report-Work of Mission on Development of Potential in Area of Government Finance Statistics.

In consultation with the Republic of Belarus Ministry of Finance (MoF), a government finance statistics (GFS) technical assistance (TA) mission from the IMF's Statistics Department (STA) visited Minsk from November 13 through 24, 2017. The main objective of the mission was to take stock of the...

Descrición completa

Detalles Bibliográficos
Autor Corporativo: International Monetary Fund. Statistics Dept
Formato: Revista
Idioma:English
Publicado: Washington, D.C. : International Monetary Fund, 2018.
Series:IMF Staff Country Reports; Country Report ; No. 2018/261
Acceso en liña:Full text available on IMF
LEADER 02301cas a2200241 a 4500
001 AALejournalIMF018739
008 230101c9999 xx r poo 0 0eng d
020 |c 5.00 USD 
020 |z 9781484373934 
022 |a 1934-7685 
040 |a BD-DhAAL  |c BD-DhAAL 
110 2 |a International Monetary Fund.  |b Statistics Dept. 
245 1 0 |a Republic of Belarus :   |b Technical Assistance Report-Work of Mission on Development of Potential in Area of Government Finance Statistics. 
264 1 |a Washington, D.C. :  |b International Monetary Fund,  |c 2018. 
300 |a 1 online resource (41 pages) 
490 1 |a IMF Staff Country Reports 
500 |a <strong>Off-Campus Access:</strong> No User ID or Password Required 
500 |a <strong>On-Campus Access:</strong> No User ID or Password Required 
506 |a Electronic access restricted to authorized BRAC University faculty, staff and students 
520 3 |a In consultation with the Republic of Belarus Ministry of Finance (MoF), a government finance statistics (GFS) technical assistance (TA) mission from the IMF's Statistics Department (STA) visited Minsk from November 13 through 24, 2017. The main objective of the mission was to take stock of the progress in government finance statistics in the Republic of Belarus and to provide assistance to the MoF in improving the quality of statistical data. Government finance statistics provide a comprehensive conceptual and accounting framework suitable for the analysis and evaluation of fiscal policy, and in particular the performance of the general government sector of any country. One of the biggest advantages of the introduction of GFS methodology into budgeting is the achievement of consistency in budgeting, financial reporting, and statistics. Use of the same terminology by those engaged in budgeting, reporting, and statistics should ensure common understanding among all of the stakeholders. The comparability of numbers, tables, and accounts is significantly enhanced, which means an improvement in productivity and in the timely availability of data. 
538 |a Mode of access: Internet 
830 0 |a IMF Staff Country Reports; Country Report ;  |v No. 2018/261 
856 4 0 |z Full text available on IMF  |u http://elibrary.imf.org/view/journals/002/2018/261/002.2018.issue-261-en.xml  |z IMF e-Library